| 000 | 00743nam a2200229 i 4500 | ||
|---|---|---|---|
| 001 | bg | ||
| 245 | 0 | 0 |
_aObliczenia równoległe i rozproszone : _bpraca zbiorowa / _cpod red. Andrzeja Karbowskiego, Ewy Niewiadomskiej-Szynkiewicz. |
| 260 |
_aWarszawa : _bOficyna Wydawnicza Politechniki Warszawskiej, _c2001. |
||
| 300 |
_a431 s. : _bil. ; _c24 cm. |
||
| 504 | _aBibliogr. Indeks. | ||
| 650 | 9 |
_aPrzetwarzanie danych _xmetody |
|
| 655 | _aPodręczniki akademickie | ||
| 700 | 1 |
_aKARBOWSKI, Andrzej. _eRed. |
|
| 700 | 1 |
_aNIEWIADOMSKA-SZYNKIEWICZ, Ewa. _eRed. |
|
| 020 | _a8372072345 | ||
| 040 | _cBPK | ||
| 041 | 0 | _apl | |
| 080 | _a004.62(075.8) | ||
| 920 | _a83-7207-234-5 | ||
| 942 | _cKS | ||
| 008 | s pl f |000 0 pol | ||
| 999 |
_c40644 _d40644 |
||
| 856 |
_uhttp://koha.tu.koszalin.pl/cgi-bin/koha/opac-detail.pl?biblionumber=40644 _yKatalog online BPK |
||